| 000 | 00513nam a2200181Ia 4500 | ||
|---|---|---|---|
| 008 | 220531s9999 xx 000 0 und d | ||
| 041 | _amar | ||
| 100 |
_aपाशा जा. _963634 |
||
| 245 | _aदंगलग्रस्त मुस्लिम मनाची वेदना | ||
| 250 | _a1ST | ||
| 260 |
_aLatur _bBhoomi _c2011 |
||
| 300 | _a84 | ||
| 542 | _d31-01-2015 | ||
| 551 |
_aMarathi _bGrantabal-MRA |
||
| 650 |
_aMarathi _963635 |
||
| 906 |
_d2014-2015 _f6520 |
||
| 999 |
_c36131 _d36131 |
||